| 000 | 00506nam a2200145 4500 | ||
|---|---|---|---|
| 999 |
_c16017 _d16017 |
||
| 008 | 210205b ||||| |||| 00| 0 eng d | ||
| 022 | _a0732-8435 | ||
| 082 | _aDPer 657.05 C33 Feb - Aug 2012, v. 82 | ||
| 100 |
_aWerner, Charles. _942952 |
||
| 245 |
_aIFRS for privately owned business/ _cWerner, Charles. |
||
| 260 |
_aNew York: _bThe New York State Society of CPA, _c©2012. |
||
| 300 |
_av82 n8, pages 6+ : _bcolor illustration; _c28 cm. |
||
| 650 |
_aBusiness enterprises. _942953 |
||
| 942 |
_2ddc _cPER |
||